|
|
|
|
| LEADER |
01001nam a22002652a 4500 |
| 001 |
000264622 |
| 003 |
CZ BrMZK |
| 005 |
20100727133452.0 |
| 008 |
980103s1986 xr f cze d |
| 015 |
|
|
|a cnb000018560
|
| 035 |
|
|
|a (OCoLC)39417726
|
| 040 |
|
|
|a BOA001
|b cze
|
| 080 |
|
|
|a 539.3/.5
|2 MRF
|
| 080 |
|
|
|a 669.14.018.8
|2 MRF
|
| 100 |
1 |
|
|a Hubáčková, Jiřina
|4 aut
|
| 245 |
1 |
0 |
|a Martenziticko-austenitické korozivzdorné oceli typu Cr13-16Ni4-6 /
|c J. Hubáčková, V. Čihal, K. Mazanec
|
| 260 |
|
|
|a Dobrá u Frýdku-Místku :
|b Výzkumný ústav hutnictví železa,
|c 1986
|
| 300 |
|
|
|a 56 s.
|
| 490 |
1 |
|
|a Hutnické aktuality ;
|v roč. 27, 7/1986
|
| 700 |
1 |
|
|a Mazanec, Karel,
|d 1925-2009
|7 jk01080991
|4 aut
|
| 700 |
1 |
|
|a Číhal, Vladimír,
|d 1929-
|7 jk01021817
|4 aut
|
| 830 |
|
0 |
|a Hutnické aktuality (Výzkumný ústav hutnictví železa)
|
| 910 |
|
|
|a BOA001
|b TK-A-0229.924
|
| 990 |
|
|
|a BK
|
| 996 |
7 |
|
|b 2629963050
|c TK-A-0229.924
|l MZK
|r Sklad / do 24 hodin
|n 8
|w 000264622
|u 000010
|a 1
|e BOA001
|j MZK50
|s A
|